| 000 | 00440nam a2200181Ia 4500 | ||
|---|---|---|---|
| 001 | 18985 | ||
| 005 | 20260306171710.0 | ||
| 008 | 260306s9999||||xx |||||||||||||| ||und|| | ||
| 041 | _aESP | ||
| 082 |
_a658.7 _bP61 2007 |
||
| 100 |
_aPires, Silvio R. Ignacio _eAUT |
||
| 245 | 0 | _aGestión de la cadena de suministros | |
| 260 | _c2007 | ||
| 300 |
_a258 páginas : _ccm. |
||
| 650 | _aGEN | ||
| 654 | _aCAN | ||
| 942 |
_cLIB _dJUS _fJUS _2ddc _n |
||
| 999 |
_c18985 _d18985 |
||